Derecho constitucional /
Guardado en:
| Autor Principal: | |
|---|---|
| Formato: | Libro |
| Idioma: | Spanish |
| Publicado: |
Buenos Aires :
Ábaco,
2006.
|
| Edición: | 1a. ed. |
| Materias: | |
| Etiquetas: |
Agregar Etiqueta
Sin Etiquetas, Sea el primero en etiquetar este registro!
|
| LEADER | 00632nam a22001935a 4500 | ||
|---|---|---|---|
| 001 | DER.der001289 | ||
| 008 | 180615s2006####ag#||||||||||||||#||spa|| | ||
| 005 | 20251226140551.0 | ||
| 245 | 1 | 0 | |a Derecho constitucional / |c Baeza, Carlos R. |
| 250 | |a 1a. ed. | ||
| 260 | |a Buenos Aires : |b Ábaco, |c 2006. | ||
| 300 | |a 677 p. | ||
| 020 | |a 9505692498 | ||
| 100 | 1 | |a Baeza, Carlos R. | |
| 653 | |a DERECHO CONSTITUCIONAL | ||
| 859 | |a DERECHO |b BIB. DERECHO |h 342.02 |i BAE |p 005617 | ||
| 859 | |a DERECHO |b BIB. DERECHO |h 342.02 |i BAE |p 003349 |t 1 | ||
| 859 | |a DERECHO |b BIB. DERECHO |h 342.02 |i BAE |p 005618 |t 2 | ||
| 859 | |a DERECHO |b BIB. DERECHO |h 342.02 |i BAE |p 0010194 |t 3 | ||
